000
00247 a2200109 4500
001
9155
082
_a
796.323 CEL
090
_c
7332
_d
7332
100
_a
Cella, G.A.
245
_a
The young sportsman's guide to Basketball
_h
English
260
_b
Nelson
_a
1962
942
_a
NUST-CAE
999
_c
244228
_d
244228